| 000 | 00517nam a2200121Ia 4500 | ||
|---|---|---|---|
| 008 | 171212s9999 xx 000 0 und d | ||
| 020 | _a9780833048073 | ||
| 100 | _aFair, C. Christine;Crane, Keith;Chivvis, Christopher S.;Puri, Samir;Spirtas, Michael | ||
| 245 |
_cFair, C. Christine;Crane, Keith;Chivvis, Christopher S.;Puri, Samir;Spirtas, Michael _aPakistan _bCan the United States Secure an Insecure State? |
||
| 260 |
_bRAND Corporation _c2010 |
||
| 650 | _aHistory | ||
| 856 | _uwww.jstor.org/stable/10.7249/mg910af | ||
| 999 |
_c352395 _d352395 |
||